000 00750nam a2200277Ia 4500
001 16370
003 GE_BSU
008 181216s||||||||xx |||||||||||||| ||und||
020 _a978506006161
040 _cGE_BSU
080 _a541(075.8)
100 _aСтромберг,А.Г.
245 _aФизическая химия.
245 _bУчеб. для хим,спец,вузов
245 _cПод ред,А.Г.Стромберга
250 _a7-е изд
260 _aМосква
260 _bВысшая школа
260 _c2009
300 _a527стр,ил,24см
300 _bбиблиог,стр 511-515
541 _h87л.
653 _aФизическая химия
653 _aхимия
942 _cBK
999 _c49447
_d49447